| 000 | 00752cam a22002175a 4500 | ||
|---|---|---|---|
| 001 | E152383 | ||
| 008 | 110228s2010 xxk f 000 0 eng d | ||
| 020 | _a9781845493806 | ||
| 035 | _a(Sirsi) u152383 | ||
| 041 | 0 | _aeng | |
| 100 | 1 | _aNorth, Jennifer | |
| 245 | 0 | 0 |
_aBuilding a name _bthe history of the Royal Institution of Chartered Surveyors |
| 260 |
_a[London] _bRICS _c2010 |
||
| 300 |
_a144p. _bslip case, col. ill. _c21cm. |
||
| 520 | _aDescribes the history of surveying and the establishment of the RICS in 1868. Looks at the challenges and opportunities for the profession in the future. | ||
| 590 | _aKA | ||
| 610 | 2 | 4 |
_aRoyal Institution of Chartered Surveyors _94900 |
| 651 | 4 | _aInternational | |
| 690 | _aABOUT RICS | ||
| 942 | _n0 | ||
| 999 |
_c112030 _d112030 |
||